组成蛋白质的20种氨基酸 20 amino acids that make up protein - Statistics

General Stats
  • This quiz has been taken 141 times
  • The average score is 10 of 20
Answer Stats
英文名 缩写1 缩写2 结构式 氨基酸 % Correct
Glutamicacid Glu E HOOC-(CH2)2-CH(NH2)-COOH 谷氨酸
66%
Lysine Lys K H2N-(CH2)4-CH(NH2)-COOH 赖氨酸
66%
Leucine Leu L (CH3)2CH-CH2-CH(NH2)-COOH 亮氨酸
62%
Phenylalanine Phe F Ph-CH2-CH(NH2)-COOH 苯丙氨酸
62%
Valine Val V (CH3)2CH-CH(NH2)-COOH 缬氨酸
59%
Asparticacid Asp D HOOC-CH2-CH(NH2)-COOH 天冬氨酸
58%
Alanine Ala A CH3-CH(NH2)-COOH 丙氨酸
57%
Tryptophan Trp W *Ph-NH-CH=*C-CH2-CH(NH2)-COOH 色氨酸
57%
Methionine Met M CH3-S-(CH2)2-CH(NH2)-COOH 甲硫氨酸(蛋氨酸)
56%
Isoleucine Ile I CH3-CH2-CH(CH3)-CH(NH2)-COOH 异亮氨酸
54%
Glycine Gly G NH2-CH2-COOH 甘氨酸
53%
Arginine Arg R HN=C(NH2)-NH-(CH2)3-CH(NH2)-COOH 精氨酸
52%
Threonine Thr T CH3-CH(OH)-CH(NH2)-COOH 苏氨酸
51%
Histidine His H *NH-CH=N-CH=*C-CH2-CH(NH2)-COOH 组氨酸
45%
Serine Ser S HO-CH2-CH(NH2)-COOH 丝氨酸
42%
Cysteine Cys C HS-CH2-CH(NH2)-COOH 半胱氨酸
41%
Asparagine Asn N H2N-CO-CH2-CH(NH2)-COOH 天冬酰胺
35%
Tyrosine Tyr Y HO-p-Ph-CH2-CH(NH2)-COOH 酪氨酸
33%
Proline Pro P *NH-(CH2)3-*CH-COOH 脯氨酸
31%
Glutamine Gln Q H2N-CO-(CH2)2-CH(NH2)-COOH 谷氨酰胺
25%
No matching quizzes found
Score Distribution
Percent of People with Each Score
Percentile by Number Answered
Your Score History
You have not taken this quiz